000 00653nam a2200217Ia 4500
001 8818
003 GE_BSU
008 181216s||||||||xx |||||||||||||| ||und||
040 _cGE_BSU
080 _a821.353.1–1
100 _aკალანდაძე, ანა
245 _aლექსები
245 _cრედ.გ.ხუხაშვილი;მხატვ.შ. ბერიტაშვილი
260 _aთბილისი
260 _bსახელმწიფო გამ-ბა
260 _c1953
300 _a79გვ.20სმ.
300 _e1ფ.პორტ.
653 _aლექსები
942 _cBK
999 _c42126
_d42126